000 00828cab a2200241 4500
001 WB3401-01
008 090401t1997 xxu||||| |||| 00| 0 eng d
035 _a(Sirsi) u82838
041 _aeng
245 _aMore management training
260 _c1997
350 _a0
490 _aContract Journal
_v391(6156) 17 December 1997, 1(1)
520 _aA European Commission report "The Competitiveness of the Construction Industry" suggests amongst other things that better management training is needed throughout the construction industry if the industry is to improve its competitiveness.
650 _aCOMPETITIVENESS
650 _aCONSTRUCTION INDUSTRY
650 _aEUROPE
650 _aEUROPEAN COMMISSION
650 _aMANAGEMENT TRAINING
690 _aBUILT ENVIRONMENT
942 _n0
948 _c19/12/1997
999 _c52312
_d52312